| 000 | 01135cam a22002891i 4500 | ||
|---|---|---|---|
| 003 | SA-RiAUC | ||
| 005 | 20250520102800.0 | ||
| 008 | 250512q19601969ua f 000r0 ara c | ||
| 040 |
_aSA-JeALM _bara _cSA-RiAUC _erda |
||
| 041 | 1 |
_aara _hund |
|
| 082 | 0 | 4 |
_a901 _qSA-RiAUC |
| 090 |
_a901 _b ك ا س |
||
| 100 | 1 |
_aكاسيرر، إرنست، _d1874-1945 _eمؤلف. |
|
| 245 | 1 | 0 |
_aفي المعرفة التاريخية / _cتأليف إرنست كاسيرر ؛ ترجمة أحمد حمدي محمود ؛ مراجعة علي أدهم. |
| 250 | _aالثانية . | ||
| 264 | 1 |
_aالقاهرة : _bالهيئة المصرية العامة للكتاب، _c1977 |
|
| 300 |
_a132 صفحة ؛ _c24 سم |
||
| 336 |
_aنص _btxt _2rdacontent _3كتاب |
||
| 337 |
_aبدون وسيط _bn _2rdamedia |
||
| 338 |
_aمجلد _bnc _2rdacarrier |
||
| 490 |
_aالالف كتاب الثاني _v265 |
||
| 650 | 7 |
_aالتاريخ _xفلسفة _2aucsh |
|
| 700 | 1 |
_aمحمود، أحمد حمدي _eمترجم. |
|
| 700 | 1 |
_aأدهم، علي، _d1897-1981 _eمراجع. |
|
| 942 |
_2ddc _cBOOK _n0 |
||
| 949 |
_aSA-JeALM _d250512 _uosman123 _n1 |
||
| 999 |
_c8166 _d8166 |
||